00290pab a2200121 454500008004000000100001700040245003300057260000900090300001300099362001200112650001600124773002800140180718b2007 xxu||||| |||| 00| 0 eng d aRoy, Jaideep aThe tenancy ladder revisited c2007 ap.74-84. aJan-Mar aLand tenure aIndian Economic Journal